Secebis kasihmu / (Record no. 78107)

MARC details
000 -LEADER
fixed length control field 00720nam a2200253 i 4500
001 - CONTROL NUMBER
control field C2-0269419
003 - CONTROL NUMBER IDENTIFIER
control field PPAK
005 - DATE AND TIME OF LATEST TRANSACTION
control field 20221221110812.0
008 - FIXED-LENGTH DATA ELEMENTS--GENERAL INFORMATION
fixed length control field 060808s2006 my g 0 f may d
020 ## - INTERNATIONAL STANDARD BOOK NUMBER
International Standard Book Number 9789838936729
Terms of availability RM0.00
Qualifying information paperback
040 ## - CATALOGING SOURCE
Original cataloging agency PPAK
Language of cataloging eng
Transcribing agency PPAK
Description conventions rda
082 04 - DEWEY DECIMAL CLASSIFICATION NUMBER
Classification number 899.2333
Edition number 23
090 00 - LOCALLY ASSIGNED LC-TYPE CALL NUMBER (OCLC); LOCAL CALL NUMBER (RLIN)
Classification number (OCLC) (R) ; Classification number, CALL (RLIN) (NR) 899.2333
Feature heading SYA
Feature heading G
100 0# - MAIN ENTRY--PERSONAL NAME
Personal name Syamimi Aminolah,
Relator term author.
245 10 - TITLE STATEMENT
Title Secebis kasihmu /
Statement of responsibility, etc. SYAMIMI AMINOLAH
264 #1 - PRODUCTION, PUBLICATION, DISTRIBUTION, MANUFACTURE, AND COPYRIGHT NOTICE
Place of production, publication, distribution, manufacture Kuala Lumpur :
Name of producer, publisher, distributor, manufacturer Creative Enterprise ,
Date of production, publication, distribution, manufacture, or copyright notice 2006
300 ## - PHYSICAL DESCRIPTION
Extent 690 pages :
Dimensions 19 cm
336 ## - CONTENT TYPE
Source rdacontent
Content type term text
337 ## - MEDIA TYPE
Source rdamedia
Media type term unmediated
338 ## - CARRIER TYPE
Source rdacarrier
Carrier type term volume
650 10 - SUBJECT ADDED ENTRY--TOPICAL TERM
Topical term or geographic name entry element Malay fiction.
Topical term or geographic name entry element Malaysian fiction (Malay)
942 ## - ADDED ENTRY ELEMENTS (KOHA)
Koha item type Book
Source of classification or shelving scheme Dewey Decimal Classification
Holdings
Withdrawn Not for loan Current library Shelving location Date acquired Full call number Barcode Date last seen Koha item type Total Checkouts Date last checked out
    Perpustakaan Alor Setar Pinjaman Dewasa 13/12/2022 899.2333 SYA A00746936 07/03/2024 Book 1 14/02/2024
    Perpustakaan Awam Sungai Petani Pinjaman Dewasa 18/04/2006 899.233 SYA A01114950 09/05/2018 Book    
    Perpustakaan Bandar Baharu Pinjaman Dewasa 18/04/2006 899.233 SYA A01114955 09/05/2018 Book    
    Perpustakaan Kuala Nerang Pinjaman Dewasa 18/04/2006 899.233 SYA A01114958 09/05/2018 Book    
    Perpustakaan Sik Pinjaman Dewasa 18/04/2006 899.233 SYA A01114956 09/05/2018 Book